[Event "Open"]
[Site "Ptuj SLO"]
[Date "2008.08.16"]
[Round "9"]
[White "Jeraj,Z"]
[Black "Sakelsek,T"]
[Result "0-1"]
[WhiteElo "2155"]
[BlackElo "2390"]

1.d4 Nf6 2.c4 e6 3.Nf3 b6 4.Nc3 Bb4 5.Qb3 c5 6.a3 Ba5 7.Bg5 Nc6 8.e3 h6 9.Bxf6 Qxf6
10.Rd1 O-O 11.Be2 cxd4 12.exd4 Bb7 13.O-O Bxc3 14.Qxc3 Rac8 15.Qe3 Na5 16.Ne5 Qe7
17.b4 Nc6 18.Rfe1 Nb8 19.c5 d6 20.Nd3 Nd7 21.Rc1 Rfd8 22.cxb6 Nxb6 23.Nf4 Qf6
24.Red1 g6 25.Bf1 Kh7 26.g3 e5 27.dxe5 dxe5 28.Nd3 Nc4 29.Rxc4 Rxc4 30.Nxe5 Rxd1
31.Nxc4 Qc6  0-1

[Event "GM"]
[Site "Vienna AUT"]
[Date "2008.08.18"]
[Round "3"]
[White "Schneider Zinner,H"]
[Black "Pachta,P"]
[Result "1-0"]
[WhiteElo "2378"]
[BlackElo "2312"]

1.d4 Nf6 2.c4 e6 3.Nc3 b6 4.Nf3 Bb7 5.Bg5 Be7 6.e3 h6 7.Bh4 Ne4 8.Bg3 d6
9.Nxe4 Bxe4 10.Be2 O-O 11.O-O f5 12.d5 Bxf3 13.Bxf3 e5 14.h3 a5 15.e4 g6
16.Qc2 Nd7 17.Bh2 Nc5 18.b3 Qd7 19.a3 Bg5 20.Rae1 a4 21.b4 Nb3 22.Bd1 Nd2
23.g3 h5 24.Kg2 Nxf1 25.Rxf1 Kg7 26.f4 Bh6 27.Qc3 Rae8 28.fxe5 dxe5 29.Bc2 fxe4
30.Rxf8 Rxf8 31.Qxe5+ Kh7 32.Qxe4 Qf7 33.Bg1 h4 34.Qd3 hxg3 35.c5 bxc5 36.bxc5 Bf4
37.Bxa4 Rd8 38.Bb3 Qf6 39.Qe4 Rb8 40.Bd4 Qg5 41.Bc2 Rd8 42.d6 Bxd6 43.cxd6 Rxd6
44.Bc3 Rd7 45.h4 Qd5 46.Kxg3 Qd6+ 47.Qe5 Qxe5+ 48.Bxe5 Rd2 49.Be4 Ra2 50.h5 Rxa3+
51.Kg4 Ra6 52.hxg6+  1-0

[Event "23rd Open"]
[Site "Schwarzach AUT"]
[Date "2008.08.22"]
[Round "7"]
[White "Semcesen,D"]
[Black "Palac,M"]
[Result "1-0"]
[WhiteElo "2387"]
[BlackElo "2587"]

1.d4 Nf6 2.c4 e6 3.Nf3 b6 4.Nc3 Bb4 5.Qb3 c5 6.Bd2 O-O 7.O-O-O Nc6 8.e3 Na5
9.Qa4 Ng4 10.Be1 Bxc3 11.bxc3 Qc7 12.Nd2 f5 13.Nb3 Nxb3+ 14.axb3 Nxh2 15.Be2 Ng4
16.Bxg4 fxg4 17.Rh4 d6 18.Rxg4 a5 19.Qa2 a4 20.b4 cxb4 21.cxb4 e5 22.Rh4 Be6
23.d5 Bf5 24.Kb2 Rfc8 25.Rc1 Bd3 26.Ka3 Qe7 27.f3 Rc7 28.Qd2 g5 29.Rg4 Bf5
30.Rg3 e4 31.fxe4 Bxe4 32.Qd4 h5 33.Bc3 Kh7 34.Rh1 Bg6 35.Rgh3 Qe5 36.Rxh5+ Bxh5
37.Qd3+  1-0

[Event "8th Abierto Invierno"]
[Site "Villa Ballester ARG"]
[Date "2008.08.22"]
[Round "5"]
[White "Medina,L"]
[Black "Jungblut,J"]
[Result "0-1"]
[WhiteElo "1710"]
[BlackElo "2093"]

1.d4 Nf6 2.Nf3 e6 3.c4 b6 4.Nc3 Bb7 5.e3 Be7 6.Bd3 c5 7.d5 exd5 8.cxd5 Nxd5
9.Nxd5 Bxd5 10.Bxh7 Be6 11.Bc2 Nc6 12.Bb3 Qc7 13.Bxe6 fxe6 14.Bd2 Bf6 15.Qc2 O-O-O
16.O-O-O d5 17.e4 Kb7 18.exd5 exd5 19.Qf5 Qf7 20.Kb1 Rh5 21.Ng5 Rxg5 22.Bxg5 Ne7
23.Qg4 Qg6+ 24.Ka1 Qxg5 25.Qxg5 Bxg5 26.h4 Bf6 27.g4 Kc6 28.f4 Bd4 29.Rde1 Nc8
30.Re6+ Nd6 31.h5 Kb5 32.h6 gxh6 33.Rhxh6 Nc4 34.f5 Nxb2 35.Kb1 Nd3 36.Rh7 Nf4
37.Ree7 Rg8 38.Rxa7 Rxg4 39.Rh6 Rg2 40.f6 Nd3 41.a4+ Kb4 42.f7 Rb2+ 43.Ka1 Rb3+
44.Ka2 Nc1+  0-1

[Event "ch-SLO w"]
[Site "Ljubljana SLO"]
[Date "2008.08.24"]
[Round "9"]
[White "Rozic,V"]
[Black "Bucar,N"]
[Result "1-0"]
[WhiteElo "2308"]
[BlackElo "1848"]

1.d4 Nf6 2.Nf3 e6 3.c4 b6 4.Nc3 Bb7 5.e3 Bb4 6.Bd2 O-O 7.Bd3 d6 8.Qc2 Nbd7
9.a3 Bxc3 10.Bxc3 Re8 11.O-O e5 12.Nd2 e4 13.Be2 c6 14.Rae1 Nf8 15.f3 d5
16.fxe4 Nxe4 17.Nxe4 Rxe4 18.Bd3 Re6 19.e4 dxe4 20.Rxe4 Rxe4 21.Bxe4 Qd6
22.Qf2 Qe6 23.Bd3 Ng6 24.Re1 Qd7 25.Bf5 Qc7 26.g3 Rd8 27.b3 Bc8 28.Be4 Be6
29.Qf3 Ne7 30.Bb2 Qd7 31.Rf1 f6 32.Bc2 a6 33.Qd3 Ng6 34.Re1 Nf8 35.Rd1 h5
36.h4 Bg4 37.Re1 Qd6 38.Re3 Qd7 39.Bc3 g6 40.Qf1 Qd6 41.a4 Rd7 42.Qf2 Rf7
43.Re8 f5 44.Qf4 Qf6 45.Qe5 Qxe5 46.dxe5 f4 47.gxf4 Rxf4 48.Bd2 Bd7 49.Ra8 Rg4+
50.Kf2 Rxh4 51.Bxg6 Rh2+ 52.Ke1 Kg7 53.Be4 Kf7 54.Bh6 Bg4 55.Rxf8+ Ke7 56.Bxc6 Re2+
57.Kf1 Rb2 58.Re8+ Kf7 59.Rb8 Rxb3 60.c5 Rb1+ 61.Kf2 Rb2+ 62.Ke3 Re2+ 63.Kd3 bxc5
64.Bd5+ Ke7 65.Be3 Re1 66.Bxc5+ Kd7 67.Bd6 Rd1+ 68.Ke4 Re1+ 69.Kf4 Rf1+ 70.Kg5 Rf5+
71.Kh4 Rf4 72.Rb7+ Kc8 73.Rc7+ Kd8 74.e6 Rd4 75.e7+ Ke8 76.Bc6+  1-0

[Event "U16 Olympiad"]
[Site "Mersin TUR"]
[Date "2008.08.24"]
[Round "10"]
[White "Davarashvili,N"]
[Black "Yilmazyerli,M"]
[Result "1/2-1/2"]
[WhiteElo "2221"]
[BlackElo "2207"]

1.d4 Nf6 2.c4 e6 3.Nf3 b6 4.Nc3 Bb7 5.Bg5 Be7 6.e3 Ne4 7.Bxe7 Qxe7 8.Nxe4 Bxe4
9.Be2 O-O 10.O-O d6 11.Nd2 Bb7 12.b4 Nd7 13.Bf3 Bxf3 14.Qxf3 Nf6 15.b5 a6
16.a4 Ra7 17.a5 axb5 18.axb6 cxb6 19.cxb5 Rc8 20.Ra6 Rb7 21.Rfa1 d5 22.Qe2 g6
23.g3 Kg7 24.Nf3 Nd7 25.e4 Qd6 26.e5 Qc7 27.h4 h6 28.Kg2 Qc3 29.R6a3 Qb4
30.h5 g5 31.Qe3 Rbc7 32.Rb3 Qe7 33.Nd2 Rc2 34.Kh3 f5 35.exf6+ Nxf6 36.Rba3 g4+
37.Kg2 Qf7 38.Qe5 Qxh5 39.Qxh5 Nxh5 40.R1a2 Nf6 41.Nf1 R2c4 42.Ra7+ Kg6 43.Rb7 Rxd4  1/2-1/2

[Event "Okie Masters"]
[Site "Tulsa USA"]
[Date "2008.08.31"]
[Round "5"]
[White "Holt,C"]
[Black "Bayaraa,Z"]
[Result "1-0"]
[WhiteElo "2219"]
[BlackElo "2179"]

1.d4 Nf6 2.c4 e6 3.Nf3 b6 4.Nc3 Bb4 5.Qb3 Bxc3+ 6.Qxc3 Ne4 7.Qc2 Bb7 8.Bf4 f5
9.h3 d6 10.g4 Qf6 11.g5 Qe7 12.Bg2 Nd7 13.Nd2 Nec5 14.Rg1 Bxg2 15.Rxg2 Nb7
16.Bh2 Rf8 17.f4 O-O-O 18.Qa4 a5 19.O-O-O e5 20.c5 bxc5 21.dxe5 dxe5 22.Nc4 e4
23.Qc6 Qf7 24.b3 Kb8 25.Rgg1 Qg6 26.Qb5 Nb6 27.Ne5 Rxd1+ 28.Rxd1 Qe8 29.Nc6+ Kc8
30.Na7+ Kb8 31.Nc6+ Kc8 32.Bg1 Qh5 33.Qa6 Qxh3 34.Na7+ Kb8 35.Nc6+ Kc8 36.Kc2 Nd7
37.Qa8+  1-0

[Event "17th CRO-chT 1b"]
[Site "Sibenik CRO"]
[Date "2008.09.02"]
[Round "6"]
[White "Biliskov,V"]
[Black "Franic,M"]
[Result "0-1"]
[WhiteElo "2295"]
[BlackElo "2398"]

1.d4 e6 2.c4 Nf6 3.Nf3 b6 4.Nc3 Bb7 5.Bg5 Bb4 6.Qb3 a5 7.e3 h6 8.Bh4 c5 9.a3 a4
10.Qc2 Bxc3+ 11.Qxc3 O-O 12.Be2 Qe7 13.O-O g5 14.Nxg5 hxg5 15.Bxg5 Kg7 16.dxc5 bxc5
17.Rad1 Rg8 18.Qe5 Ra6 19.Qg3 Rh8 20.f3 e5 21.Bf4+ Kf8 22.Bxe5 Nh5 23.Bg7+ Kg8
24.Qxb8+ Kxg7 25.Qxb7 Qxe3+ 26.Rf2 Nf4 27.Bf1 Rg6 28.g4 Rxh2 29.Rd2 Rgh6  0-1

[Event "17th CRO-chT 1b"]
[Site "Sibenik CRO"]
[Date "2008.09.04"]
[Round "8"]
[White "Biliskov,V"]
[Black "Bender,I"]
[Result "1-0"]
[WhiteElo "2295"]
[BlackElo "2302"]

1.d4 Nf6 2.c4 e6 3.Nf3 b6 4.Nc3 Bb7 5.Bg5 Bb4 6.Qb3 c5 7.a3 Bxc3+ 8.Qxc3 h6
9.Bh4 g5 10.Bg3 Ne4 11.Qd3 Nxg3 12.hxg3 Qf6 13.O-O-O Bxf3 14.gxf3 Qxd4 15.Qxd4 cxd4
16.Rxd4 Nc6 17.Rd3 Rc8 18.Rc3 Ne5 19.b3 h5 20.Kd2 Ke7 21.Bg2 a5 22.e3 g4
23.f4 Ng6 24.e4 h4 25.f5 h3 26.fxg6 hxg2 27.Rg1 fxg6 28.Rxg2 Rcf8 29.f4 gxf3
30.Rf2 Rh1 31.Rcxf3 Rxf3 32.Rxf3 Ra1 33.a4 Ra2+ 34.Kd3 Rb2 35.Kc3 Re2 36.Kd3 Rb2
37.Kc3 Re2 38.Kd3 Rb2 39.Kc3 Rb1 40.Kc2 Rg1 41.Kd3 Kd6 42.Kd4 e5+ 43.Kc3 Kc5
44.Rd3 d6 45.Kd2 Rg2+ 46.Ke1 g5 47.Rd5+ Kc6 48.Rd3 g4 49.Kf1 Rb2 50.Ke1 Kc5
51.Rd5+ Kb4 52.Rb5+ Kc3 53.Rxb6 Rxb3 54.Rxd6 Kxc4 55.Kf2 Rd3 56.Rg6 Rf3+
57.Kg2 Ra3 58.Rxg4 Rxa4 59.Kh3 Kd4 60.Kh4 Ra1 61.Kg5 a4 62.Rh4 a3 63.Rh2 Kxe4
64.Re2+ Kd4 65.Kf5 Rf1+ 66.Ke6 e4 67.Rd2+ Kc3 68.Re2 Rf3 69.g4 Kd4 70.g5 Rg3
71.Kf6 Rf3+ 72.Ke6 e3 73.g6 Rf2 74.g7 Rxe2 75.g8=Q a2 76.Qg4+ Kd3 77.Qa4 Rc2
78.Qa6+ Kd2 79.Qd6+ Ke1 80.Qb4+ Kd1 81.Qd4+ Rd2 82.Qa1+ Ke2 83.Ke5 Kf2 84.Ke4 e2
85.Qf6+ Ke1 86.Qc3 a1=Q 87.Qxa1+ Rd1 88.Qb2  1-0

[Event "X Open"]
[Site "San Marti ESP"]
[Date "2008.09.05"]
[Round "5"]
[White "Garcia Riera,J"]
[Black "Rodriguez Rebull,G"]
[Result "1/2-1/2"]
[WhiteElo "2022"]
[BlackElo "2068"]

1.d4 Nf6 2.c4 e6 3.Nf3 b6 4.Nc3 Bb7 5.Bg5 Bb4 6.e3 h6 7.Bh4 O-O 8.Bd3 d6
9.O-O Bxc3 10.bxc3 Nbd7 11.Qe2 Qe7 12.Nd2 e5 13.f3 exd4 14.cxd4 g5 15.Bf2 c5
16.Nb3 Rfe8 17.Rfe1 Nf8 18.Rad1 Ne6 19.Qb2 Ng7 20.e4 Nfh5 21.e5 dxe5 22.Rxe5 Qf6
23.Rde1 Nf4 24.Qc2 Nxd3 25.Qxd3 Rxe5 26.Rxe5 Ne6 27.Qe3 cxd4 28.Nxd4 Ng7
29.c5 bxc5 30.Rxc5 Re8 31.Qc3 Qg6 32.Qc2 Qxc2  1/2-1/2

[Event "II ROMGAZ Open"]
[Site "Bucharest ROU"]
[Date "2008.09.11"]
[Round "1"]
[White "Dzagnidze,N"]
[Black "Vartopeanu,N"]
[Result "1-0"]
[WhiteElo "2458"]
[BlackElo "1902"]

1.d4 Nf6 2.c4 e6 3.Nf3 b6 4.Nc3 Bb7 5.Bg5 d5 6.cxd5 exd5 7.e3 Nbd7 8.Bb5 c6
9.Bd3 Be7 10.O-O O-O 11.Qc2 Re8 12.Bf5 g6 13.Bh3 Ne4 14.Bxd7 Qxd7 15.Ne5 Qe6
16.Bxe7 Rxe7 17.Ne2 f6 18.Nd3 Kg7 19.Rac1 Qd6 20.Qa4 a5 21.Rfd1 b5 22.Qc2 Rae8
23.Nc5 Nxc5 24.Qxc5 Qd7 25.Nf4 g5 26.Nd3 Ba8 27.Qb6 Qa7 28.Qxa7 Rxa7 29.Nc5 h5
30.Rd3 Kg6 31.f3 Rae7 32.Kf2 f5 33.Rc2 h4 34.a4 bxa4 35.Ra3 Rb8 36.Rxa4 Rb5
37.b3 Ra7 38.Rca2 Bb7 39.b4 Bc8 40.Rxa5 Rbxa5 41.Rxa5 Re7 42.Ra8 Be6 43.Ra6  1-0

[Event "7th Georgiev - Kesarovski Mem"]
[Site "Sunny Beach BUL"]
[Date "2008.09.11"]
[Round "5"]
[White "Petkov,V"]
[Black "Rusev,K"]
[Result "0-1"]
[WhiteElo "2423"]
[BlackElo "2508"]

1.d4 Nf6 2.c4 e6 3.Nf3 b6 4.Nc3 Bb4 5.Qb3 a5 6.a3 Bxc3+ 7.Qxc3 Bb7 8.Bg5 h6
9.Bh4 g5 10.Bg3 Ne4 11.Qc2 d6 12.Nd2 Nxg3 13.hxg3 Nd7 14.e3 Qe7 15.Rh2 c5
16.d5 exd5 17.cxd5 Bxd5 18.O-O-O Bc6 19.e4 Nf6 20.Nc4 Bxe4 21.Nxd6+ Kf8 22.Qc3 Bg6
23.Bd3 Rd8 24.Bxg6 Rxd6 25.Rxd6 Qxd6 26.Bc2 Kg7 27.Rh1 Rd8 28.Kb1 Qd4 29.Qe3 Qd5
30.Qc3 Rd6 31.Rd1 Qc6 32.Rg1 Rd4 33.f3 Qd6 34.g4 a4 35.Rd1 Nd5  0-1

[Event "4th ch-EU"]
[Site "Liverpool ENG"]
[Date "2008.09.13"]
[Round "5"]
[White "Logothetis,S"]
[Black "Czaja,W"]
[Result "1-0"]
[WhiteElo "2318"]
[BlackElo "2103"]

1.d4 e6 2.c4 Nf6 3.Nf3 b6 4.Nc3 Bb7 5.a3 d5 6.cxd5 Nxd5 7.Qc2 Nxc3 8.bxc3 c5
9.e4 Nd7 10.Bf4 Be7 11.Bd3 O-O 12.O-O Rc8 13.Qe2 Nf6 14.Rfd1 c4 15.Bc2 b5
16.Ne5 Nd7 17.Qg4 Nxe5 18.Bxe5 Bf6 19.Bf4 g6 20.Bh6 Bg7 21.Bg5 Bf6 22.h4 Bxg5
23.hxg5 f5 24.gxf6 Qxf6 25.f3 Rfd8 26.e5 Qf7 27.a4 a6 28.Rdb1 Bc6 29.Be4 Bxe4
30.Qxe4 Rd5 31.axb5 axb5 32.Ra6 Qe7 33.Rb6 Qd7 34.Ra1 Rc6 35.Ra8+ Rc8 36.Raa6 Re8
37.Qg4 b4 38.Rxb4 Rb5 39.Rxb5 Qxb5 40.Rxe6 Qb1+ 41.Kh2 Rf8 42.Rf6 Rxf6 43.exf6 Qe1
44.Qe4  1-0

[Event "Team Match FIN-SWE"]
[Site "Mariehamn FIN"]
[Date "2008.09.13"]
[Round "1"]
[White "Pettersson,A"]
[Black "Tusa,T"]
[Result "1/2-1/2"]
[WhiteElo "2029"]
[BlackElo "2178"]

1.d4 Nf6 2.c4 e6 3.Nc3 b6 4.Nf3 Bb7 5.e3 Ne4 6.Bd3 f5 7.Qc2 Bb4 8.a3 Bxc3+
9.bxc3 O-O 10.O-O Qe8 11.Nd2 Nf6 12.f3 Nc6 13.e4 fxe4 14.Nxe4 Nxe4 15.Bxe4 Qh5
16.Be3 Na5 17.Bd3 Ba6 18.c5 Bxd3 19.Qxd3 bxc5 20.Qb5 Nc6 21.Qxc5 Qxc5 22.dxc5 Rab8
23.Rfd1 Rf7 24.Rab1 Rxb1 25.Rxb1 Rf8 26.Rb7 Rc8 27.Bf4 e5 28.Bg3 Kf7 29.f4 Ke6
30.fxe5 Rb8 31.Rxb8 Nxb8 32.Kf2 Nc6 33.Ke3 Kd5 34.e6 dxe6 35.Bxc7 Kc4 36.Ke4 g6
37.h4 Kxc3 38.Kf4 Kd4 39.Kg5 e5 40.Kh6 Ke4 41.Kxh7 Kf5 42.g4+ Kxg4 43.Kxg6 e4
44.h5 e3 45.h6 e2 46.h7 e1=Q 47.h8=Q Qe4+ 48.Kh6 Qe6+ 49.Kh7 Qf5+ 50.Kh6 Qg5+  1/2-1/2

[Event "4th ch-EU"]
[Site "Liverpool ENG"]
[Date "2008.09.15"]
[Round "7"]
[White "Gordon,S"]
[Black "Eggleston,D"]
[Result "1-0"]
[WhiteElo "2508"]
[BlackElo "2372"]

1.d4 Nf6 2.c4 e6 3.Nf3 b6 4.Nc3 Bb7 5.a3 d5 6.cxd5 Nxd5 7.Qc2 Nxc3 8.bxc3 Be7
9.e4 c5 10.Bb5+ Bc6 11.Bd3 Nd7 12.O-O O-O 13.Qe2 Re8 14.Bb2 Qc7 15.Nd2 e5
16.d5 Bb7 17.c4 Nf8 18.a4 Ng6 19.g3 Bc8 20.Qh5 Bd6 21.a5 Bd7 22.Bc3 Reb8
23.Ra2 f6 24.Rfa1 Qc8 25.Qd1 Ne7 26.Be2 Qe8 27.Qb1 Bc7 28.Ra3 Nc8 29.axb6 Bxb6
30.Qd3 Nd6 31.Kh1 Qd8 32.f4 Qe7 33.fxe5 fxe5 34.Ba5 Nc8 35.Qe3 Nd6 36.Bxb6 Rxb6
37.Qxc5 Qg5 38.Qe3 Qxe3 39.Rxe3 Rb2 40.Nb1 Rab8 41.Nc3 R8b3 42.c5 Rxc3 43.Rxc3 Nxe4
44.c6 Nxc3 45.cxd7 Rb8 46.Rc1  1-0

[Event "Chess City 10th Ann Open"]
[Site "Elista RUS"]
[Date "2008.09.18"]
[Round "4"]
[White "Utegaliyev,A"]
[Black "Akunka,D"]
[Result "0-1"]
[WhiteElo "2218"]
[BlackElo "1879"]

1.d4 Nf6 2.c4 e6 3.Nf3 b6 4.Nc3 Bb4 5.Qc2 Bb7 6.Bg5 h6 7.Bh4 g5 8.Bg3 Ne4
9.Nd2 Nxd2 10.Qxd2 d6 11.h4 Bxc3 12.Qxc3 Qf6 13.f3 Nd7 14.O-O-O O-O-O 15.Qc2 a5
16.e4 Rhg8 17.a3 e5 18.dxe5 dxe5 19.Be2 Nc5 20.Rxd8+ Rxd8 21.Qc3 Rd4 22.b4 axb4
23.axb4 Ne6 24.Bf2 Rd8 25.c5 Nd4 26.Bd1 Nb5 27.Qe3 bxc5 28.bxc5 Qa6 29.Kb2 Rd4
30.hxg5 Rb4+ 31.Kc1 Qa1+ 32.Kd2 Rd4+ 33.Qxd4 Nxd4 34.gxh6 Qa5+ 35.Kc1 Qc3+
36.Kb1 Qb4+ 37.Kc1 Qxc5+ 38.Kd2 Qb4+ 39.Kc1 Qc3+ 40.Kb1 Nb5 41.h7 Na3+ 42.Ka2 Bd5+
43.exd5 Nc4 44.h8=Q+ Kb7 45.Qxe5 Nxe5 46.Be1 Qc1 47.Bb4 Qc4+ 48.Ka3 Qd3+
49.Ka2 Nc4 50.Ba4 Qxd5 51.Bb3 Qd4 52.Bxc4 Qxc4+ 53.Ka3 Qd3+ 54.Ka4 Qc2+ 55.Ka3 Qxg2
56.Rb1 Qxf3+ 57.Rb3 Qd5 58.Kb2 f5 59.Kc2 f4 60.Be1+ Kc8 61.Rd3 Qe4 62.Bf2 Qc4+
63.Kd2 Qa2+ 64.Ke1 Qb1+ 65.Ke2 Qc2+ 66.Rd2 Qe4+ 67.Kf1 f3 68.Rd4 Qb1+ 69.Be1  0-1

[Event "4th Open"]
[Site "Bjelovar CRO"]
[Date "2008.09.20"]
[Round "5"]
[White "Pasztor,F1"]
[Black "Vadla,Z"]
[Result "0-1"]
[WhiteElo "2196"]
[BlackElo "2181"]

1.d4 Nf6 2.Nf3 e6 3.c4 b6 4.Nc3 Bb4 5.Qb3 c5 6.dxc5 Bxc5 7.Bg5 Bb7 8.e3 Be7
9.Rd1 Na6 10.Be2 O-O 11.O-O Nc5 12.Qc2 Nce4 13.Nxe4 Nxe4 14.Bxe7 Qxe7 15.Rd4 f5
16.Rfd1 d6 17.Ne1 e5 18.R4d3 Rf6 19.Bf1 Rh6 20.g3 Rf8 21.Bg2 g5 22.b4 g4
23.Ra3 a6 24.c5 bxc5 25.bxc5 Nxc5 26.Bxb7 Qxb7 27.Qc4+ Kh8 28.Nd3 Ne4 29.Qxa6 Qg7
30.Qc6 Rhf6 31.Ra8 Rxa8 32.Qxa8+ Rf8 33.Qd5 Qh6 34.Ne1 Qh3 35.Rc1 Qh5 36.a4 Qf7
37.Qxf7 Rxf7 38.Nd3 Ra7 39.Ra1 Ra5 40.Nb2 Nd2 41.h4 Kg7 42.Rd1 Nf3+ 43.Kf1 d5
44.Rc1 e4 45.Ke2 Kf6 46.Rc2 h5 47.Kd1 d4 48.Rc6+ Kf7 49.exd4 Rd5 50.Kc1 Nxd4
51.Rb6 f4 52.gxf4 Ne2+ 53.Kc2 Nxf4 54.Rb4 Ng2 55.Rxe4 Nxh4 56.Nc4 Nf3 57.a5 Kf6
58.a6 Ne5 59.Kc3 Nc6 60.Re8 Nd4 61.Rb8 Rd7 62.Rb6+ Kg5 63.Nd6 Nf3 64.Ne4+ Kf4
65.Rb7 Rd5 66.a7 Ra5 67.Nd6 Ne5 68.Nc4 Nxc4 69.Kxc4 h4 70.Rf7+ Ke4 71.Kb4 Ra1
72.Kb5 h3 73.Kb6 Rb1+ 74.Kc7 Rc1+ 75.Kb8 Rb1+ 76.Rb7 Ra1 77.Rf7 Rb1+ 78.Kc8 Rc1+
79.Rc7 Ra1 80.Kb8 Kf3 81.Rf7+ Kg2 82.a8=Q+ Rxa8+ 83.Kxa8 h2 84.f3 g3 85.f4 h1=Q
86.f5 Kf2+  0-1

[Event "EYb10"]
[Site "Herceg Novi MNE"]
[Date "2008.09.22"]
[Round "7"]
[White "Paravyan,D"]
[Black "Bellahcene,B"]
[Result "0-1"]
[WhiteElo "2038"]
[BlackElo "1717"]

1.d4 Nf6 2.c4 e6 3.Nf3 b6 4.Nc3 Bb4 5.Bg5 Bb7 6.e3 h6 7.Bh4 g5 8.Bg3 Ne4
9.Qc2 f5 10.Ne5 O-O 11.f3 Nxg3 12.hxg3 Qf6 13.Be2 d6 14.Nd3 Bxc3+ 15.Qxc3 Nd7
16.O-O-O Rae8 17.Rh2 Kg7 18.Rdh1 Rh8 19.Qa3 a5 20.Qa4 Re7 21.b4 e5 22.d5 e4
23.fxe4 fxe4 24.Rf1 Qc3+  0-1

[Event "58th TCh m 1st Div"]
[Site "Borovets BUL"]
[Date "2008.10.01"]
[Round "1"]
[White "Spassov,L"]
[Black "Panajotov,J"]
[Result "1-0"]
[WhiteElo "2417"]
[BlackElo "2214"]

1.d4 Nf6 2.c4 e6 3.Nf3 b6 4.Nc3 Bb7 5.a3 Ne4 6.Nxe4 Bxe4 7.Nd2 Bg6 8.g3 Nc6
9.e3 e5 10.d5 Na5 11.b4 Nb7 12.Bb2 f6 13.Bg2 Rc8 14.O-O a5 15.Qb3 Be7 16.f4 exf4
17.gxf4 c5 18.bxa5 Nxa5 19.Qc3 O-O 20.e4 d6 21.e5 fxe5 22.fxe5 Qc7 23.Bh3 Rb8
24.Qg3 b5 25.cxb5 Rxb5 26.Be6+ Kh8 27.Rxf8+ Bxf8 28.Rf1 Qd8 29.Bc3 dxe5 30.a4 Rb8
31.Bxe5 Ra8 32.Qf4 Be7 33.Bc7 Qe8 34.Nf3 Bf6 35.Be5 Bxe5 36.Nxe5 Nb7 37.Bd7 Qe7
38.Nxg6+ hxg6 39.Be6 Qf6 40.Qg4 Qe5 41.Qxg6 Nd6 42.Qg4 g5 43.h4 Kg7 44.Kg2 c4
45.Rf2 Rxa4 46.hxg5 Ne4 47.Re2 c3 48.Bf5 c2 49.Rxc2 Qxd5 50.Qf3 Qd4 51.Rc7+ Kg8
52.Be6+  1-0

[Event "ch-Commonwealth"]
[Site "Nagpur IND"]
[Date "2008.10.04"]
[Round "9"]
[White "Murali Krishnan,B"]
[Black "Short,N"]
[Result "0-1"]
[WhiteElo "2412"]
[BlackElo "2655"]

1.d4 Nf6 2.c4 e6 3.Nf3 b6 4.Nc3 Bb7 5.Bg5 Be7 6.e3 h6 7.Bh4 O-O 8.Bd3 c5
9.O-O Nc6 10.Rc1 cxd4 11.exd4 d5 12.Bxf6 Bxf6 13.cxd5 exd5 14.Bb1 Re8 15.Qd3 g6
16.Rfe1 Qd6 17.h3 Rad8 18.Qd2 Kg7 19.Rcd1 Na5 20.Nb5 Qd7 21.Bd3 Nc4 22.Qb4 a5
23.Qb3 a4 24.Qb4 Be7 25.Rxe7 Qxe7 26.Qxa4 Nxb2 27.Qb3 Nxd1 28.Qxd1 Ba6 29.Qa4 Ra8
30.Qb3 Bxb5 31.Bxb5 Red8 32.a4 Rac8 33.Ne5 Rc1+ 34.Kh2 Qc7 35.Qg3 Rc3 36.f3 g5
37.h4 f6 38.hxg5 hxg5  0-1

[Event "Tatry Open"]
[Site "Tatranske Zruby SVK"]
[Date "2008.10.04"]
[Round "9"]
[White "Kovac,A"]
[Black "Koval,A"]
[Result "0-1"]
[WhiteElo "1969"]
[BlackElo "2178"]

1.d4 Nf6 2.c4 e6 3.Nc3 b6 4.Nf3 Bb7 5.g3 Bb4 6.a3 Be7 7.Bg2 O-O 8.O-O d5
9.Qc2 Nbd7 10.Bf4 c5 11.dxc5 bxc5 12.Ne5 Nb6 13.Rfd1 Qc8 14.Rac1 h6 15.Na4 d4
16.Nxb6 axb6 17.Bxb7 Qxb7 18.Nd3 g5 19.Bd2 Qe4 20.Be1 Qf5 21.f3 e5 22.g4 Qe6
23.Nf2 Rae8 24.Ne4 Nxe4 25.Qxe4 f5 26.gxf5 Rxf5 27.Bg3 h5 28.Kh1 h4 29.Bf2 Rf4
30.Qb7 e4 31.Rg1 Kh8 32.b4 g4 33.Rxg4 Rxg4 34.fxg4 e3 35.Bg1 Bd6 36.bxc5 Bxc5
37.Rf1 Qe4+ 38.Qxe4 Rxe4 39.h3 Bxa3 40.Rb1 Re6 41.Rb3 Bc5 42.Bh2 Kg8 43.Rd3 Kf7
44.Kg1 Ke7 45.Bc7 Kd7  0-1

[Event "ch-Commonwealth"]
[Site "Nagpur IND"]
[Date "2008.10.05"]
[Round "10"]
[White "Ravi,L"]
[Black "Preethi,R"]
[Result "1-0"]
[WhiteElo "2371"]
[BlackElo "2183"]

1.d4 Nf6 2.Nf3 b6 3.c4 e6 4.Nc3 Bb7 5.Bg5 Be7 6.e3 O-O 7.Bd3 d5 8.O-O Nbd7
9.Rc1 h6 10.Bf4 c5 11.Qe2 Ne4 12.cxd5 exd5 13.Rfd1 Nxc3 14.bxc3 c4 15.Bf5 Ba3
16.Rb1 Re8 17.Qc2 Nf6 18.Ne5 Bd6 19.Qe2 Qe7 20.h3 Bc8 21.Bc2 Bb7 22.Bg3 Rac8
23.a4 Nd7 24.Bf5 Bxe5 25.Bxe5 g6 26.Qg4 Nxe5 27.dxe5 Rcd8 28.e6 Kh7 29.exf7 Qxf7
30.Bc2 Re5 31.h4 h5 32.Qg3 Rde8 33.a5 R5e6 34.axb6 axb6 35.Rd4 Rf6 36.Qg5 Kg7
37.Rf4 Ree6 38.Ra1 b5 39.Ra7 Re7 40.Bxg6 Rxg6 41.Rxf7+ Rxf7 42.Qe5+ Kh7 43.Qxh5+ Kg7
44.g4 Bc6 45.Qe5+ Kg8 46.Rxf7 Kxf7 47.g5 Re6 48.Qf5+ Ke7 49.g6 Rf6 50.Qg5  1-0

[Event "ch-Commonwealth"]
[Site "Nagpur IND"]
[Date "2008.10.05"]
[Round "10"]
[White "Purushothaman,T"]
[Black "Satyapragyan,S"]
[Result "1/2-1/2"]
[WhiteElo "2303"]
[BlackElo "2414"]

1.d4 Nf6 2.c4 e6 3.Nf3 b6 4.Nc3 Bb7 5.a3 d5 6.cxd5 exd5 7.g3 Be7 8.Bg2 O-O
9.O-O c5 10.Bf4 Na6 11.Qc2 Nc7 12.Rad1 Bd6 13.Bxd6 Qxd6 14.dxc5 Qxc5 15.b4 Qe7
16.Nd4 Rac8 17.Qb3 Rfd8 18.Bh3 Ra8 19.b5 Ne6 20.Qb4 Qxb4 21.axb4 Ng5 22.Bg2 Nge4
23.Nxe4 dxe4 24.Nc6 Re8 25.Rd6 a5 26.bxa5 bxa5 27.Ra1 a4 28.Ra3 Bxc6 29.bxc6 Ra6
30.Bh3 Kf8 31.Rc3 a3 32.Rd1 a2 33.Rcc1 a1=Q 34.Rxa1 Rxc6  1/2-1/2

[Event "Chigorin Memorial"]
[Site "St Petersburg RUS"]
[Date "2008.10.07"]
[Round "5"]
[White "Domogaev,S"]
[Black "Denisov,I"]
[Result "1-0"]
[WhiteElo "2354"]
[BlackElo "2189"]

1.d4 Nf6 2.c4 e6 3.Nf3 b6 4.Nc3 Bb7 5.Bg5 Be7 6.e3 c6 7.Bd3 O-O 8.Qc2 h6
9.h4 c5 10.O-O-O Nc6 11.a3 cxd4 12.exd4 d5 13.cxd5 exd5 14.Bf4 Bd6 15.Bxd6 Qxd6
16.Kb1 a6 17.Ne2 Rfc8 18.Ng3 Nxd4 19.Qa4 Nc6 20.Nf5 Qd7 21.Qf4 Ne8 22.Rde1 Qc7
23.Rxe8+ Kh7 24.Ne7+  1-0

[Event "1st WMSG Blitz Team w"]
[Site "Beijing CHN"]
[Date "2008.10.13"]
[Round "4"]
[White "Grigoryan Lyell,M"]
[Black "Mushin,D"]
[Result "1-0"]
[WhiteElo "2076"]
[BlackElo "1830"]

1.d4 Nf6 2.c4 e6 3.Nf3 b6 4.Nc3 Bb7 5.Bg5 Be7 6.e3 O-O 7.Bd3 d5 8.Rc1 Nbd7
9.O-O h6 10.Bh4 Rc8 11.cxd5 exd5 12.Bb1 Ba6 13.Re1 c6 14.Ne5 Nxe5 15.dxe5 Nd7
16.Bg3 Nc5 17.a3 Re8 18.b4 Ne6 19.Qh5 Bf8 20.f4 g6 21.Qh3 Rc7 22.f5 gxf5
23.Qxf5 Ng5 24.h4 Ne4 25.Nxe4 dxe4 26.Bxe4 Bg7  1-0

[Event "1st WMSG Blitz Team"]
[Site "Beijing CHN"]
[Date "2008.10.13"]
[Round "7"]
[White "Zhang Zhong"]
[Black "Fier,A"]
[Result "1-0"]
[WhiteElo "2649"]
[BlackElo "2581"]

1.d4 Nf6 2.Nf3 e6 3.c4 b6 4.Nc3 Bb4 5.Bg5 Bb7 6.Nd2 h6 7.Bh4 Bxc3 8.bxc3 d6
9.f3 g5 10.Bf2 Nbd7 11.e4 c5 12.Bd3 Qe7 13.Qa4 Nh5 14.g3 Nf6 15.Rb1 Kf8 16.O-O Kg7
17.Be3 e5 18.Rf2 Nf8 19.d5 Ng6 20.Nf1 Bc8 21.Bd2 Bh3 22.Ne3 Bd7 23.Qa6 Rhb8
24.Qa3 a6 25.Qc1 Nh7 26.Qf1 b5 27.cxb5 axb5 28.Bxb5 Bxb5 29.Nf5+ Kf8 30.Rxb5 Qd7
31.a4 h5 32.Be3 Ne7 33.Nxe7 Kxe7 34.Rfb2 Rc8 35.Rb7 Rc7 36.Rxc7 Qxc7 37.Qb5 Ra7
38.c4 f6 39.Bd2 Nf8 40.a5 Nd7 41.Qc6 Kd8 42.h4 gxh4 43.gxh4 Nb8 44.Qb5 Kc8
45.Qe8+ Qd8 46.Rxb8+  1-0

[Event "1st WMSG Blitz Team w"]
[Site "Beijing CHN"]
[Date "2008.10.13"]
[Round "9"]
[White "Caoili,A"]
[Black "Zhao Xue"]
[Result "0-1"]
[WhiteElo "2170"]
[BlackElo "2518"]

1.c4 Nf6 2.Nc3 e6 3.Nf3 b6 4.d4 Bb7 5.g3 Bb4 6.Qb3 c5 7.dxc5 Bxc5 8.Bg2 O-O
9.O-O Be7 10.Rd1 Na6 11.Qc2 Rc8 12.b3 d5 13.Qb2 Qe8 14.Ne5 Bd6 15.Bf4 Nc7
16.Ng4 Be7 17.Nxf6+ Bxf6 18.Bd6 Nb5 19.cxb5 Bxc3 20.Qa3 Bxa1 21.Bxf8 Bf6
22.Bb4 Qxb5 23.Be7 Qxe2 24.Rf1 Bxe7 25.Qxe7 Ba6 26.Qxa7 Qxa2 27.Qd7 Rf8 28.Rc1 Qd2
29.Ra1 Bd3 30.Ra7 Qd1+  0-1

[Event "1st WMSG Blitz Team"]
[Site "Beijing CHN"]
[Date "2008.10.13"]
[Round "11"]
[White "Erdos,V"]
[Black "Chan Wei Xuan,T"]
[Result "1-0"]
[WhiteElo "2577"]
[BlackElo "2264"]

1.d4 Nf6 2.c4 e6 3.Nf3 b6 4.Nc3 Bb7 5.a3 g6 6.Qc2 Bg7 7.Bg5 d6 8.e4 h6 9.Bh4 g5
10.Bg3 Nh5 11.O-O-O Nd7 12.d5 e5 13.Nd2 a5 14.h4 Nxg3 15.fxg3 g4 16.Bd3 Nc5
17.Kb1 Qd7 18.Nf1 O-O-O 19.Ne3 h5 20.Nf5 Bh6 21.b4 axb4 22.axb4 Nxd3 23.Rxd3 Qe8
24.Nb5 Ba6 25.Qa4 Bxb5 26.cxb5 Kd7 27.Qc2 Ra8  1-0

[Event "1st WMSG Rapid Team"]
[Site "Beijing CHN"]
[Date "2008.10.14"]
[Round "1"]
[White "Stefansson,H"]
[Black "Batchuluun,C"]
[Result "1/2-1/2"]
[WhiteElo "2575"]
[BlackElo "2346"]

1.d4 Nf6 2.c4 e6 3.Nf3 b6 4.Nc3 Bb7 5.Bg5 h6 6.Bh4 Bb4 7.Nd2 Be7 8.e4 d6
9.Bd3 e5 10.Bxf6 Bxf6 11.d5 O-O 12.O-O a5 13.a3 Nd7 14.b4 g6 15.Nb3 axb4
16.axb4 Bg7 17.Rxa8 Qxa8 18.Qc2 Qb8 19.c5 bxc5 20.bxc5 Nxc5 21.Nxc5 dxc5
22.Rb1 Qa8 23.Na4 Rb8 24.Qb3 Bf8 25.d6 Bxd6 26.Bc4 Rf8 27.Qxb7 Qxa4 28.Qd5 Qc2
29.Rd1 Kg7 30.h4 h5 31.g3 Qc3 32.Rd3 Qa1+ 33.Kg2 Qa8 34.Rb3 Qxd5 35.Bxd5 Kf6
36.Kf3 Ke7 37.Ke2 Kd7 38.Rb2 Ke7 39.Rb3 c4 40.Bxc4 Ra8 41.Rb2 Bc5 42.Rc2 Bb6
43.Ra2 Rb8 44.Bd5 Bd4 45.Rc2 Bb6 46.Ra2 Bc5 47.Rc2 Bd6 48.Kd3 f6 49.Ke2 Rb1
50.Ra2 Bc5 51.Kf3 g5 52.Kg2 gxh4 53.gxh4 Bd4 54.Rc2 c5 55.Bc4 Re1 56.Be2 Kd6
57.Bf3 Kc7 58.Re2 Rc1 59.Bxh5 c4 60.Bf7 c3 61.Bb3 Rb1 62.Bc2 Rb8 63.Re1 Rh8
64.Rh1 Kd6 65.h5 Ke7 66.Bb3 Rh6 67.Kg3 Kf8 68.Kg4 Bxf2 69.Ra1 Ke7 70.Ra8 Be3
71.Rc8 Bd2 72.Rc6 Kd7 73.Rc5 Kd6 74.Rc8 Rh7 75.Bd5 Rg7+ 76.Kf5 Rg5+ 77.Kxf6 Rxh5
78.Rc6+ Kd7 79.Rc5 Kd6 80.Rc6+ Kd7 81.Rc5 Kd6 82.Rc6+  1/2-1/2